Fortnite Skin Quiz - Statistics

General Stats
  • This quiz has been taken 13,363 times
  • The average score is 10 of 16
Answer Stats
Picture Answer % Correct
Iron Man
98%
Peely
88%
Peter Griffin
88%
Darth Vader
78%
Fishstick
78%
Indiana Jones
77%
Slim Shady
74%
Miles Morales
71%
Skull Trooper
70%
Reaper
66%
Brite Bomber
56%
Icebound Midas
38%
Evie
30%
Brat
26%
Zyg
23%
Potassius Peels
16%
No matching quizzes found
Score Distribution
Percent of People with Each Score
Percentile by Number Answered
Your Score History
You have not taken this quiz